Word Ladder: Striptease Quiz Stats

Quiz Updated Feb 27, 2015

Also try: Word Ladder: Cloth
Challenge
Share
Tweet
Embed
Score 0/12 Timer 01:30
0 Plays Today
Clue 4-Letter Word % Correct
Paint layerCOAT
90.8%
Sandcastle feature, sometimesMOAT
89.2%
AdditionalMORE
85.1%
• Undressed • • NUDE •
83.3%
''Beetle Bailey'' cartoonist WalkerMORT
80.8%
Person on a ranch, perhapsDUDE
80.4%
Be sulkyMOPE
71.4%
ChuckleheadDOPE
68.8%
BamboozleDUPE
67.2%
Its capital is N'DjamenaCHAD
64.1%
SchmoozeCHAT
61.7%
• Dressed • • CLAD •
59.8%

Today's Daily Dose

You're not logged in!

Compare scores with friends on all Sporcle quizzes.
Sign Up with Email
OR
Log In

You Might Also Like...

Show Comments

Extras

Top Quizzes Today


Score Distribution

Your Account Isn't Verified!

In order to create a playlist on Sporcle, you need to verify the email address you used during registration. Go to your Sporcle Settings to finish the process.